| 000 | 00765nam a2200277Ia 4500 | ||
|---|---|---|---|
| 008 | 160803s9999 xx 000 0 und d | ||
| 020 | _a9780545200370 | ||
| 100 | _aPitchford, Dean | ||
| 245 | 4 | _aThe big one-oh / | |
| 245 | _cDean Pitchford. | ||
| 260 | _aNew York : | ||
| 260 | _bScholastic Inc. | ||
| 260 | _c2007 | ||
| 300 | _a181 pages ; | ||
| 300 | _c20 cm | ||
| 500 | _aOriginally published: New York : G.P. Putnam's Sons, ©2007. | ||
| 650 | _aBirthdays -- | ||
| 650 | _aChildren's parties -- | ||
| 650 | _aSelf-actualization (Psychology) -- | ||
| 650 | _aSingle-parent families -- | ||
| 650 | _xJuvenile fiction. | ||
| 650 | _xJuvenile fiction. | ||
| 650 | _xJuvenile fiction. | ||
| 650 | _xJuvenile fiction. | ||
| 700 | _a750 | ||
| 999 |
_c299547 _d299547 |
||